000 00243nam a2200097Ia 4500
001 773757
005 20250826165758.0
008 250824s9999 xx 000 0 und d
245 0 _aHANIMIN ÇİFTLİĞİ
_cORHAN KEMAL
260 _bEVEREST YAYINLARI
999 _c773757
_d773757